Conservation finance 2: area-based initiatives and the role of foundations, funds and non-profit agencies (Record no. 71441)
[ view plain ]
| 000 -LEADER | |
|---|---|
| fixed length control field | 01250cam a2200253 4500 |
| 001 - CONTROL NUMBER | |
| control field | ABS66020 |
| 008 - FIXED-LENGTH DATA ELEMENTS--GENERAL INFORMATION | |
| fixed length control field | 021025n2002 000 0 eng u |
| 035 ## - SYSTEM CONTROL NUMBER | |
| System control number | (Sirsi) u120254 |
| 100 ## - MAIN ENTRY--PERSONAL NAME | |
| Personal name | Pickard, R. |
| 245 ## - TITLE STATEMENT | |
| Title | Conservation finance 2: area-based initiatives and the role of foundations, funds and non-profit agencies |
| 260 ## - PUBLICATION, DISTRIBUTION, ETC. | |
| Date of publication, distribution, etc. | 2002 |
| 490 ## - SERIES STATEMENT | |
| Series statement | Structural Survey |
| Volume/sequential designation | 20(4) 2002, 112-116(5) |
| 520 ## - SUMMARY, ETC. | |
| Summary, etc. | This paper develops the issue of funding from a first paper "Conservation finance 1: support for historic buildings"...further consideration is given to other avenues for raising finance in support of the built heritage from public and also other sources as a part of the process of developing integrated conservation strategies...Taken together, the two papers examine different approaches to funding the built heritage by reference to practice in western Europe and North America. (TAKEN FROM JOURNAL HEADNOTE) |
| 590 ## - LOCAL NOTE (RLIN) | |
| Local note | ABS |
| 650 ## - SUBJECT ADDED ENTRY--TOPICAL TERM | |
| Topical term or geographic name entry element | REHABILITATION |
| 650 ## - SUBJECT ADDED ENTRY--TOPICAL TERM | |
| Topical term or geographic name entry element | CONSERVATION |
| 650 ## - SUBJECT ADDED ENTRY--TOPICAL TERM | |
| Topical term or geographic name entry element | GRANTS |
| 650 ## - SUBJECT ADDED ENTRY--TOPICAL TERM | |
| Topical term or geographic name entry element | PROJECT FINANCE |
| 650 ## - SUBJECT ADDED ENTRY--TOPICAL TERM | |
| Topical term or geographic name entry element | EUROPE |
| 650 ## - SUBJECT ADDED ENTRY--TOPICAL TERM | |
| Topical term or geographic name entry element | UNITED STATES |
| 690 ## - LOCAL SUBJECT ADDED ENTRY--TOPICAL TERM (OCLC, RLIN) | |
| Topical term or geographic name as entry element | BUILT ENVIRONMENT-BUILDING MAINTENANCE AND REFURBISHMENT-BUILDING CONSERVATION |
| 700 ## - ADDED ENTRY--PERSONAL NAME | |
| Personal name | Pickerill, T. |
| 942 ## - ADDED ENTRY ELEMENTS (KOHA) | |
| Suppress in OPAC | 0 |
| Withdrawn status | Lost status | Source of classification or shelving scheme | Damaged status | Not for loan | Home library | Current library | Shelving location | Date acquired | Total Checkouts | Full call number | Barcode | Date last seen | Copy number | Price effective from | Koha item type |
|---|---|---|---|---|---|---|---|---|---|---|---|---|---|---|---|
| Dewey Decimal Classification | London | London | Journal article | 25/10/2002 | ABS66020 | 120254-1001 | 06/08/2019 | 1 | 06/08/2019 | Journal article |